| 000 | 00377nam a2200133Ia 4500 | ||
|---|---|---|---|
| 008 | 220204s9999 xx 000 0 und d | ||
| 082 |
_a551.588 _bRAN |
||
| 100 | _aRANDALL, Roland E | ||
| 245 | 0 | _aTheories and techniques in vegetation analysis. | |
| 260 |
_aLondon _bOxford _c1978 |
||
| 490 | _aTheory and practice in geography | ||
| 650 | _aVegetation analysis | ||
| 942 | _cBK | ||
| 999 |
_c32004 _d32004 |
||